Statistics for IMDB Top 15 Rated Football Films (70s-Now)

Click here to take the quiz!

General Stats

  • This quiz has been taken 9 times
  • The average score is 5 of 15

Answer Stats

HintAnswer% Correct
2. 2009The Blind Side
88%
15. 1999Any Given Sunday
63%
1. 2000Remember the Titans
63%
3. 1993Rudy
50%
9. 1974The Longest Yard
50%
4. 1971Brian's Song
38%
7. 2004Friday Night Lights
38%
13. 2006Invincible
25%
11. 2015Concussion
13%
10. 2006Gridiron Gang
13%
5. 1996Jerry Maguire
13%
6. 2016Greater
0%
12. 2015My All-American
0%
8. 2008The Express
0%
14. 2006We Are Mashall
0%

Score Distribution

Percentile by Number Answered

Percent of People with Each Score

Your Score History

You have not taken this quiz